| 000 | 00366nam a2200121Ia 4500 | ||
|---|---|---|---|
| 005 | 20251222154330.0 | ||
| 008 | 251222s9999||||xx |||||||||||||| ||spa|| | ||
| 020 | _a978-956-8853-00-6 | ||
| 082 | _a331.252/M66 | ||
| 100 | _a"Mitchell, Olivia S.y otros" | ||
| 245 | 0 | _aEl futuro de las pensiones: Desarrollo de los programas de capitalización individual | |
| 942 | _cLIB | ||
| 999 |
_c34134 _d34134 |
||